| 000 | 01681nam a22004330a 4500 | ||
|---|---|---|---|
| 001 | PT22906 | ||
| 003 | AR-LpoUNG | ||
| 005 | 20210131233121.0 | ||
| 008 | 191001s2005||||ag |||||||||||||||||spa d | ||
| 020 |
_a9871125402 _c$8,5 |
||
| 040 |
_aAR-LpoUNG _bspa _cAR-LpoUNG _eaacr |
||
| 041 | _aspa | ||
| 044 | _aag | ||
| 082 | 0 | _a982.065 274arb | |
| 100 | 1 | _aManeiro, María | |
| 245 | 1 | 0 |
_aComo el árbol talado : _bmemorias del genocidio en La Plata, Berisso y Ensenada |
| 250 | _a1ra ed. | ||
| 260 |
_aLa Plata : _bAl Margen, _c2005. |
||
| 300 |
_a209 p. : _btbls., gráfs. |
||
| 520 | _a<p>Se intenta investigar empíricamente las formas y los contenidos de las memorias del genocidio en la zona de La Plata, Berisso y Ensenada; dentro de este proceso entre la construcción del material empírico y la reflexión a partir de miradas teóricas, se fue comprendiendo que ambas perspectivas aportaban elementos importantes para la interpretación: se buscó articularlas usando fuentes diversas y metodologías diferentes que posibilitaron la triangulación como forma de comprender tanto los silencios sistemáticos como las enunciaciones diferentes.</p> | ||
| 650 | 4 | _aANALISIS HISTORICO | |
| 650 | 4 | _aARGENTINA | |
| 650 | 4 | _aCAMPOS DE CONCENTRACION | |
| 650 | 4 | _aDICTADURA | |
| 650 | 4 | _aENTREVISTAS | |
| 650 | 4 | _aGENOCIDIO | |
| 650 | 4 | _aGOBIERNO MILITAR | |
| 650 | 4 | _aHISTORIA SOCIAL | |
| 650 | 4 | _aINVESTIGACION | |
| 650 | 4 | _aMETODOLOGIA | |
| 650 | 4 | _aMOVIMIENTOS SOCIALES | |
| 650 | 4 | _aPARTICIPACION SOCIAL | |
| 650 | 4 | _aTORTURA | |
| 650 | 4 | _aVIOLENCIA | |
| 651 | 4 | _aArgentina | |
| 653 | _aDESAPARECIDOS | ||
| 905 | _a22906 | ||
| 942 | _cLIB | ||
| 999 |
_c19265 _d19265 |
||